00249nam a2200097Ia 450000100070000000500170000700800410002424500530006526000260011830000070014458862720250717120835.0250717s9999 xx 000 0 und d 0aV-5 BANA NELER OLUYOR?cŞEBNEM GÜLER KARACAN bERDEM YAYINLARIc2017 b94